00508nam a2200145Ia 4500008004100000020001800041050002500059100001700084245008000101260004800181300004900229504003700278650002800315999001900343150223s9999 xx 000 0 und d a9780224082778 aGV 706.3b.H313 2009 aHarris, Tim. aPlayers :b250 men, women & animals who crated modern sports /cTim Harris. aGreat Britain :bYellow Jersey Press,c2009 a616 pages :bColored, Illustration ;c24 cm. aIncludes bibliography and Index. aSciencexSports Players c283303d283303